| 000 | 00943nam a2200301 a 4500 | ||
|---|---|---|---|
| 008 | |||
| 020 | _a9781446252536 (paperback) | ||
| 040 |
_aNUST _cNUST |
||
| 049 | _aMAIN | ||
| 090 |
_aBF637.C6 _bMEA |
||
| 100 | 1 |
_aMearns, Dave., _aauthor. |
|
| 245 | 1 | 0 |
_aPerson-centred counselling in action/ _c Dave Mearns ; Brian Thorne & John McLeod. |
| 250 | _aFourth edition. | ||
| 260 |
_aLos Angeles : _bSAGE, _c2013. |
||
| 300 |
_axi, 228 pages : _billustrations ; _c24 cm. |
||
| 336 |
_atext _btxt _2rdacontent |
||
| 337 |
_aunmediated _bn _2rdamedia |
||
| 338 |
_avolume _bnc _2rdacarrier |
||
| 500 | _aIncludes index. | ||
| 504 | _aIncludes bibliographical references. | ||
| 650 | 1 | _aCounselling. | |
| 700 |
_aThorne, Brian., _aauthor. |
||
| 700 |
_aMcLeod, John., _aauthor. |
||
| 907 |
_a.b10403541 _b03-06-21 _c03-06-21 |
||
| 003 | |||
| 005 | 20230123141159.0 | ||
| 942 |
_cBOOKS _kBF637.C6 _mMEA |
||
| 999 |
_c169060 _d169060 |
||